000 00214 a2200109 4500
020 _a9780545646109
041 _aspa
100 _aFrank Remkiewicz
245 _aGus cultiva una planta
942 _cBK
952 _71
999 _c21734
_d21734